| 000 | 00686nam a22002177a 4500 | ||
|---|---|---|---|
| 999 |
_c3534 _d3534 |
||
| 003 | AR-CdUCM | ||
| 008 | 190306b ||||| |||| 00| 0 spa d | ||
| 040 |
_aMUNICIPALIDAD PROVINCIAL DEL CUSCO _cBIBLIOTECA MUNICIPAL DEL CUSCO |
||
| 082 |
_a463.1 / _bD2 |
||
| 110 |
_aFondo editorial navarrete _911579 |
||
| 245 |
_aDiccionario : _bsinónimos, antónimos / |
||
| 260 |
_aLima : _bNavarrete, |
||
| 300 |
_a399 paginas ; _c17 cm. |
||
| 505 | _aDiccionario de sinónimos y antónimos ... | ||
| 650 |
_aLengua española _91124 |
||
| 650 |
_aSinónimos y antónimos _911580 |
||
| 650 |
_aSufijos y prefijos _911581 |
||
| 650 |
_aDiccionarios _95105 |
||
| 942 |
_2ddc _cLIBROS |
||
| 945 | _aacv | ||